| 000 | 01384cam a2200169 4500500 | ||
|---|---|---|---|
| 005 | 20260111090909.0 | ||
| 041 | _afre | ||
| 042 | _adc | ||
| 100 | 1 | 0 |
_aGuitteny, Bernard _eauthor |
| 245 | 0 | 0 | _aLa vraie spiritualité de Saint Grignion de Montfort |
| 260 | _c2003. | ||
| 500 | _a44 | ||
| 520 | _aLa dernière édition des Œuvres complètes de Grignion de Montfort (1966) rend manifeste qu’un traité lui a été attribué d’une manière erronée ; il est d’un auteur postérieur à lui. Cette erreur a été divulguée depuis le milieu du XIXe siècle. Elle a compliqué la reconnaissance de Grignion de Montfort comme docteur de l’Église, dont la cause a été suspendue en 2001, et elle déséquilibre la cohérence de sa doctrine spirituelle. | ||
| 520 | _aThe most recent edition of Grignion de Montfort’s Collected Works (1966) makes clear that a treatise, written by a later author, has been unduly attributed to him. The error, diffused since the middle of the 19 th century, complicates the recognition of Grignion de Montfort as a Doctor of the Church — the cause was suspended in 2001 — and disturbs the coherence of his spiritual doctrine. | ||
| 786 | 0 | _nNouvelle revue théologique | 125 | 1 | 2003-01-14 | p. 99-114 | 0029-4845 | |
| 856 | 4 | 1 | _uhttps://shs.cairn.info/revue-nouvelle-revue-theologique-2003-1-page-99?lang=fr&redirect-ssocas=7080 |
| 999 |
_c1619795 _d1619795 |
||